Comentarios filosóficos
I tiakina i:
| Kaituhi matua: | |
|---|---|
| Hōputu: | Pukapuka |
| Reo: | Pāniora |
| I whakaputaina: |
Madrid
Gredos
2013
|
| Putanga: | 1a. ed |
| Rangatū: | Biblioteca de Grandes Pensadores
|
| Ngā marau: | |
| Ngā Tūtohu: |
Tāpirihia he Tūtohu
Kāore He Tūtohu, Me noho koe te mea tuatahi ki te tūtohu i tēnei pūkete!
|
MARC
| LEADER | 00000cam a2200000 a 4500 | ||
|---|---|---|---|
| 001 | UCE8367 | ||
| 003 | CL-VaPUC | ||
| 008 | 150731e20130000sp |||||||||||||||||spa|d | ||
| 020 | |a 9788424936686 | ||
| 082 | 0 | 4 | |a 192 |b BER |2 21 |
| 100 | 0 | |a Berkeley, George |e author |9 315231 | |
| 245 | 1 | 0 | |a Comentarios filosóficos |
| 246 | 1 | 0 | |a Ensayo de una nueva teoría de la visión |
| 246 | 1 | 0 | |a Tratado sobre los principios del conocimiento humano |
| 246 | 1 | 0 | |a Tres diálogos entre Hilas y Filonús |
| 246 | 1 | 0 | |a Alcifrón |
| 250 | |a 1a. ed | ||
| 300 | |a 759 p | ||
| 942 | |c BK | ||
| 945 | |d 20150731 12:25:00 |a dcastane | ||
| 260 | |a Madrid |b Gredos |c 2013 | ||
| 650 | 0 | |a Idealismo |9 265685 | |
| 650 | 0 | |a Racionalismo |9 259116 | |
| 650 | 0 | |a Filosofía inglesa |9 255676 | |
| 583 | |a last modification |c 20150731 12:25:00 |k Rodrigo Vera | ||
| 490 | 0 | |a Biblioteca de Grandes Pensadores | |
| 999 | |c 360261 |d 360259 | ||
| 952 | |0 0 |1 0 |3 erd |4 0 |6 192_000000000000000_BER_2013 |7 0 |8 R |9 469967 |a BIBEDU |b BIBEDU |c MCIRC |i 5191521 |l 4 |o 192 BER 2013 |p 5191521 |r 2023-06-06 |s 2023-04-27 |w 2019-11-23 |y BK_R |z Catalogado en:20150731 |k FIL | ||